| 000 | 00348nam a2200121Ia 4500 | ||
|---|---|---|---|
| 008 | 220620s9999||||xx |||||||||||||| ||und|| | ||
| 245 | 0 | _aPattern Recognition | |
| 546 | _aEnglish[eng] | ||
| 650 | _aMachine learning | ||
| 700 | _aYin, Peng-Yeng | ||
| 856 | _uhttps://mts.intechopen.com/storage/books/3733/authors_book/authors_book.pdf | ||
| 942 | _cEB | ||
| 999 |
_c32678 _d32678 |
||